000 00441nam a2200157 a 4500
001 000027499
005 20200930030859.0
008 110401s1908 dr 000 0 spa d
040 _aDO-SdBNP
_bspa
_cBNPHU
082 _axxxx
_bM828b
100 1 _aMorales, Alfredo
_954584
245 1 0 _aBosquejo político social /
_cAlfredo Morales.
260 _aSanto Domingo :
_bLa Cuna de América,
_c1908.
300 _a213 p. ;
_c20 cm.
049 _aBNPD
999 _c26991
_d26991